Margaret Sironval, Les mille et une nuits, Citadelles & Mazenod, 2024, 496 pages, 350 color illustrations, €255. (notice n° 1573884)
[ vue normale ]
| 000 -LEADER | |
|---|---|
| fixed length control field | 00776cam a2200157 4500500 |
| 005 - DATE AND TIME OF LATEST TRANSACTION | |
| control field | 20251214030435.0 |
| 041 ## - LANGUAGE CODE | |
| Language code of text/sound track or separate title | fre |
| 042 ## - AUTHENTICATION CODE | |
| Authentication code | dc |
| 100 10 - MAIN ENTRY--PERSONAL NAME | |
| Personal name | Dethurens, Pascal |
| Relator term | author |
| 245 00 - TITLE STATEMENT | |
| Title | Margaret Sironval, Les mille et une nuits, Citadelles & Mazenod, 2024, 496 pages, 350 color illustrations, €255. |
| 260 ## - PUBLICATION, DISTRIBUTION, ETC. | |
| Date of publication, distribution, etc. | 2025.<br/> |
| 500 ## - GENERAL NOTE | |
| General note | 77 |
| 520 ## - SUMMARY, ETC. | |
| Summary, etc. | On the occasion of the restoration of the medieval illuminated masterpiece it preserves, the Château de Chantilly presents the manuscript and its history in an exceptional exhibition, offering insights into the fascination it inspires. |
| 786 0# - DATA SOURCE ENTRY | |
| Note | Études | - | 9 | 2025-09-01 | p. 129-130 | 0014-1941 |
| 856 41 - ELECTRONIC LOCATION AND ACCESS | |
| Uniform Resource Identifier | <a href="https://shs.cairn.info/journal-etudes-2025-9-page-129?lang=en&redirect-ssocas=7080">https://shs.cairn.info/journal-etudes-2025-9-page-129?lang=en&redirect-ssocas=7080</a> |
Pas d'exemplaire disponible.




Réseaux sociaux